Electronic government (Record no. 11230)
[ view plain ]
| 000 -LEADER | |
|---|---|
| fixed length control field | 00723 a2200169 4500 |
| 020 ## - INTERNATIONAL STANDARD BOOK NUMBER | |
| International Standard Book Number | 3540441212 |
| 082 ## - DEWEY DECIMAL CLASSIFICATION NUMBER | |
| Classification number | 352.38028 |
| 090 ## - LOCALLY ASSIGNED LC-TYPE CALL NUMBER (OCLC); LOCAL CALL NUMBER (RLIN) | |
| -- | 7427 |
| -- | 7427 |
| 100 ## - MAIN ENTRY--PERSONAL NAME | |
| Personal name | Traunmuller, R. (Roland) |
| 110 ## - MAIN ENTRY--CORPORATE NAME | |
| Corporate name or jurisdiction name as entry element | Lenk, Klaus |
| 245 ## - TITLE STATEMENT | |
| Title | Electronic government |
| Remainder of title | first international conference, EGOV 2002, Aix-en-Provence, France, September 2-6, 2002 : proceedings |
| Statement of responsibility, etc. | Traunmuller, R. (Roland) |
| 260 ## - PUBLICATION, DISTRIBUTION, ETC. | |
| Place of publication, distribution, etc. | USA |
| Name of publisher, distributor, etc. | Springer |
| Date of publication, distribution, etc. | 2002 |
| 300 ## - PHYSICAL DESCRIPTION | |
| Extent | xiii, 486 p. ; |
| Other physical details | ill.; |
| Dimensions | 24 cm. |
| 500 ## - GENERAL NOTE | |
| General note | Includes bibliographical references and index |
| 650 ## - SUBJECT ADDED ENTRY--TOPICAL TERM | |
| Topical term or geographic name entry element | 1. Internet in public administration--Congresses. 2. Electronic government information--Congresses. 3. Information technology--Political aspects--Congresses. |
| 942 ## - ADDED ENTRY ELEMENTS (KOHA) | |
| Koha item type | Book |
| Call number prefix | 352.38028 TRA |
| Withdrawn status | Lost status | Damaged status | Not for loan | Permanent Location | Current Location | Total Checkouts | Full call number | Barcode | Date last seen | Price effective from | Koha item type |
|---|---|---|---|---|---|---|---|---|---|---|---|
| Central Library (CL) | Central Library (CL) | 352.38028 TRA | SEECSD00547 | 11/14/2012 | 11/14/2012 | Book |
